[Event "Trondheim tt U26"]
[Site "Trondheim"]
[Date "2007.04.29"]
[Round "5"]
[White "Gilberg, Einar B"]
[Black "Eide, Anders"]
[Result "1-0"]
[WhiteElo "1373"]
[BlackElo "1038"]
[PlyCount "53"]
[EventDate "2007.04.28"]
[EventType "team"]
[EventRounds "5"]
[EventCountry "NOR"]
[SourceTitle "EXT 2008"]
[Source "ChessBase"]
[SourceDate "2007.11.25"]
[SourceVersion "1"]
[SourceVersionDate "2007.11.25"]
[SourceQuality "1"]

1. e4 e5 2. Nf3 Nc6 3. Bb5 a6 4. Ba4 Nf6 5. Qe2 b5 6. Bb3 Be7 7. c3 0-0 8. 0-0 d6 9. Rd1 Bg4 10. d3 Kh8 11. Nbd2 Nh5 12. Nf1 f5 13. Bd5 Qd7 14. h3 fxe4 15. Bxe4 Bxh3 16. gxh3 d5 17. Nxe5 Qxh3 18. Nxc6 Bh4 19. Bg2 Qf5 20. f3 Rae8 21. Ne3 Qg6 22. Nd4 Nf4 23. Qc2 Nh3+ 24. Kf1 c5 25. Ndf5 Nf2 26. Nxh4 Qxg2+ 27. Kxg2 1-0

[Event "Trondheim tt U26"]
[Site "Trondheim"]
[Date "2007.04.28"]
[Round "2"]
[White "Brekke, John Ivar"]
[Black "Gilberg, Einar B"]
[Result "1/2-1/2"]
[WhiteElo "1354"]
[BlackElo "1373"]
[PlyCount "55"]
[EventDate "2007.04.28"]
[EventType "team"]
[EventRounds "5"]
[EventCountry "NOR"]
[SourceTitle "EXT 2008"]
[Source "ChessBase"]
[SourceDate "2007.11.25"]
[SourceVersion "1"]
[SourceVersionDate "2007.11.25"]
[SourceQuality "1"]

1. d4 d5 2. Nf3 Nf6 3. c4 e6 4. g3 Be7 5. Bg2 0-0 6. 0-0 c5 7. Nc3 Nc6 8. cxd5 exd5 9. Bg5 h6 10. Bxf6 Bxf6 11. e3 cxd4 12. Nxd4 Nxd4 13. exd4 Be6 14. Qd3 Qb6 15. Nxd5 Bxd5 16. Bxd5 Rad8 17. Qb3 Qxb3 18. Bxb3 Rxd4 19. Rac1 Rfd8 20. Rc7 R4d7 21. Rfc1 g6 22. R7c2 Kg7 23. Kg2 Rd2 24. Rxd2 Rxd2 25. Rc7 Bxb2 26. Rxf7+ Kh8 27. Rxb7 Bd4 28. Rf7 1/2-1/2